[Event "FIN-ch rapid"]
[Site "Helsinki"]
[Date "2019.08.24"]
[Round "9"]
[White "Tuovinen, Jukka"]
[Black "Luukkonen, Tommi"]
[Result "0-1"]
[WhiteElo "1984"]
[BlackElo "2284"]
[PlyCount "86"]
[EventDate "2019.08.24"]
[EventType "swiss (rapid)"]
[EventRounds "9"]
[EventCountry "FIN"]
[SourceTitle "EXT 2020"]
[Source "ChessBase"]
[SourceDate "2019.10.17"]
[SourceVersion "1"]
[SourceVersionDate "2019.10.17"]
[SourceQuality "1"]

1. e4 d6 2. d4 Nf6 3. Nc3 g6 4. Nf3 Bg7 5. h3 0-0 6. Be3 a6 7. a4 b6 8. Be2 Bb7 9. Nd2 c5 10. d5 e6 11. dxe6 fxe6 12. 0-0 d5 13. exd5 exd5 14. Bg5 h6 15. Bxf6 Rxf6 16. Bf3 Rd6 17. Qe2 Kh7 18. Rfe1 Nc6 19. Nf1 Nd4 20. Qd1 Nxf3+ 21. Qxf3 Qd7 22. Qg3 Rf8 23. Re2 d4 24. Ne4 Re6 25. Rae1 Re5 26. Nf6+ Bxf6 27. Rxe5 Bxe5 28. Qxe5 Rf7 29. Ng3 Qxa4 30. Qe6 Kg7 31. Qxb6 Qxc2 32. f3 d3 33. Qd6 d2 34. Rf1 Bc6 35. Ne2 Rd7 36. Qe5+ Kh7 37. Nc3 Qxb2 38. Qxc5 Bb5 39. Rd1 Qc2 40. Qe3 Ba4 41. Kf2 Qxd1 42. Nxd1 Bxd1 43. Qe6 Ba4 0-1

[Event "FIN-ch Seniors 50"]
[Site "Helsinki"]
[Date "2019.06.15"]
[Round "3"]
[White "Oksanen, Timo"]
[Black "Tuovinen, Jukka"]
[Result "1/2-1/2"]
[WhiteElo "1930"]
[BlackElo "1978"]
[PlyCount "41"]
[EventDate "2019.06.14"]
[EventType "swiss"]
[EventRounds "5"]
[EventCountry "FIN"]
[SourceTitle "CBM 192 Extra"]
[Source "Chessbase"]
[SourceDate "2019.11.06"]
[SourceVersion "1"]
[SourceVersionDate "2019.11.06"]
[SourceQuality "1"]

1. Nf3 d5 2. g3 Nf6 3. Bg2 e6 4. 0-0 Be7 5. d4 0-0 6. Nbd2 c5 7. c3 Nc6 8. e3 Qc7 9. b3 b6 10. Bb2 Ba6 11. Re1 Rac8 12. Rc1 Qb8 13. a3 Rfd8 14. Qc2 h6 15. h3 Nd7 16. Qb1 Bf6 17. e4 cxd4 18. cxd4 dxe4 19. Nxe4 Be7 20. b4 Bb7 21. Ned2 1/2-1/2

[Event "Helsinki MatSK Weekend"]
[Site "Helsinki"]
[Date "2018.02.25"]
[Round "5"]
[White "Tuovinen, Jukka"]
[Black "Koskinen, Hannu E"]
[Result "1/2-1/2"]
[WhiteElo "2018"]
[BlackElo "1922"]
[PlyCount "73"]
[EventDate "2018.02.23"]
[EventType "swiss"]
[EventRounds "7"]
[EventCountry "FIN"]
[SourceTitle "EXT 2019"]
[Source "ChessBase"]
[SourceDate "2018.10.10"]
[SourceVersion "1"]
[SourceVersionDate "2018.10.10"]
[SourceQuality "1"]

1. e4 d6 2. d4 Nf6 3. Nc3 g6 4. Nf3 Bg7 5. h3 a6 6. a4 0-0 7. Be3 b6 8. Be2 Bb7 9. Nd2 e5 10. dxe5 dxe5 11. Bc4 Nc6 12. Nd5 Nxd5 13. Bxd5 Na5 14. Bxb7 Nxb7 15. 0-0 Qe7 16. c3 Rfd8 17. Qc2 Rd7 18. Nf3 h6 19. Rad1 Rad8 20. Rxd7 Qxd7 21. Re1 Qe7 22. Rd1 Rxd1+ 23. Qxd1 Qd6 24. Qxd6 Nxd6 25. Nd2 Bf8 26. f3 f6 27. Kf1 h5 28. Ke2 Kf7 29. Kd3 Ke6 30. Nb3 Nb7 31. c4 Bb4 32. Nc1 a5 33. Nb3 Kd6 34. Bf2 Bc5 35. Be1 Bb4 36. Bf2 Bc5 37. Be1 1/2-1/2

[Event "Helsinki MatSK Weekend"]
[Site "Helsinki"]
[Date "2018.02.24"]
[Round "4"]
[White "Arstila, Petteri"]
[Black "Tuovinen, Jukka"]
[Result "1/2-1/2"]
[WhiteElo "2065"]
[BlackElo "2018"]
[PlyCount "132"]
[EventDate "2018.02.23"]
[EventType "swiss"]
[EventRounds "7"]
[EventCountry "FIN"]
[SourceTitle "EXT 2019"]
[Source "ChessBase"]
[SourceDate "2018.10.10"]
[SourceVersion "1"]
[SourceVersionDate "2018.10.10"]
[SourceQuality "1"]

1. e4 e5 2. f4 exf4 3. Nf3 Be7 4. Nc3 Bh4+ 5. Ke2 Be7 6. d4 d6 7. Bxf4 f5 8. Qd2 fxe4 9. Nxe4 Nf6 10. Nxf6+ Bxf6 11. Re1 0-0 12. Kd1 Bf5 13. h3 d5 14. Ng5 Qd7 15. g4 Bxg5 16. Bxg5 Be4 17. Rh2 Qa4 18. a3 Nc6 19. Be3 Rae8 20. Kc1 b5 21. Qc3 b4 22. Qc5 bxa3 23. Qxa3 Qxa3 24. bxa3 Rb8 25. Rf2 Rfe8 26. c4 Rb1+ 27. Kd2 Rxe1 28. Kxe1 Bd3 29. Bxd3 Rxe3+ 30. Kd2 Rxh3 31. cxd5 Na5 32. Kc3 Nb7 33. Rb2 Nd6 34. Kd2 Rg3 35. Rb8+ Kf7 36. Bxh7 Rxa3 37. Bg8+ Ke7 38. Be6 a5 39. Rg8 Ne8 40. Kc2 Rf3 41. Bf5 a4 42. Kb2 Rb3+ 43. Ka2 Rf3 44. Bg6 Rf8 45. Rxf8 Kxf8 46. Ka3 Nf6 47. Bf5 Nxd5 48. Kxa4 Ke7 49. Kb5 Kd6 50. Bd3 Ne3 51. Be2 Kd5 52. Bf3+ Kxd4 53. Kc6 g5 54. Kxc7 Ke5 55. Kb6 Kf4 56. Bc6 Nxg4 57. Bd7 Ne3 58. Kc5 Nf5 59. Kc4 g4 60. Kd3 g3 61. Ke2 Nd4+ 62. Kf1 Kf3 63. Bh3 Nc2 64. Bg2+ Kf4 65. Bb7 Ne3+ 66. Kg1 Ke5 1/2-1/2

[Event "FIN-chT1B 1718"]
[Site "Finland"]
[Date "2017.10.22"]
[Round "4.6"]
[White "Al Hajaj, Amjad"]
[Black "Tuovinen, Jukka"]
[Result "1-0"]
[WhiteElo "1954"]
[BlackElo "2010"]
[PlyCount "143"]
[EventDate "2017.09.16"]
[EventType "team-tourn"]
[EventRounds "7"]
[EventCountry "FIN"]
[SourceTitle "EXT 2020"]
[Source "ChessBase"]
[SourceDate "2019.10.17"]
[SourceVersion "1"]
[SourceVersionDate "2019.10.17"]
[SourceQuality "1"]
[WhiteTeam "Joensuu SK"]
[BlackTeam "Helsinki LauttSK"]
[WhiteTeamCountry "FIN"]
[BlackTeamCountry "FIN"]

1. e4 e5 2. Nf3 Nc6 3. d4 exd4 4. Nxd4 Bc5 5. Nxc6 Qf6 6. Qf3 Qxf3 7. gxf3 bxc6 8. Be3 Bb6 9. Nd2 d5 10. c3 f6 11. a4 Rb8 12. 0-0-0 Ne7 13. exd5 cxd5 14. b4 a5 15. Bxb6 cxb6 16. Bb5+ Kf7 17. bxa5 bxa5 18. Nb3 Ba6 19. Nd4 Bxb5 20. Nxb5 Rb6 21. Rd4 Rc8 22. Rhd1 Ke6 23. Re1+ Kf7 24. Kb2 Re6 25. Red1 Re2+ 26. Kb3 Ke6 27. Rxd5 Nxd5 28. Nd4+ Kd6 29. Nxe2 Kc5 30. Nd4 Rb8+ 31. Nb5 Nb6 32. c4 Re8 33. Nd6 Re2 34. Ne4+ Kc6 35. Rd6+ Kc7 36. Rd2 Rxd2 37. Nxd2 Nd7 38. Ne4 Ne5 39. f4 Ng6 40. f5 Nh4 41. Ng3 Kd6 42. Kc3 Nf3 43. h3 Ke5 44. Kd3 Ng5 45. h4 Nf3 46. h5 Ng5 47. Ke3 Nh3 48. f3 Nf4 49. c5 Nd5+ 50. Kd3 Kf4 51. Kd4 Nc7 52. Ne4 Kxf5 53. c6 Ke6 54. Kc5 Ke7 55. Kb6 Nd5+ 56. Kxa5 f5 57. Nd2 Kd6 58. Kb5 Nc3+ 59. Kb6 Nxa4+ 60. Kb5 Nc3+ 61. Kb6 Nd5+ 62. Kb7 Ne7 63. c7 Kd5 64. Nb1 Kd6 65. Nc3 Kd7 66. Nd5 Nc8 67. h6 Nd6+ 68. Kb8 Kc6 69. Ne7+ Kd7 70. Nxf5 Nc8 71. Nxg7 Nd6 72. Nf5 1-0

[Event "Helsinki We EtVaS A"]
[Site "Helsinki"]
[Date "2017.05.07"]
[Round "4"]
[White "Tuovinen, Jukka"]
[Black "Vesalainen, Petteri"]
[Result "1/2-1/2"]
[WhiteElo "2022"]
[BlackElo "2182"]
[PlyCount "42"]
[EventDate "2017.05.05"]
[EventType "swiss"]
[EventRounds "5"]
[EventCountry "FIN"]
[SourceTitle "EXT 2022"]
[Source "ChessBase"]
[SourceDate "2021.10.06"]
[SourceVersion "1"]
[SourceVersionDate "2021.10.06"]
[SourceQuality "1"]

1. e4 c6 2. d4 d5 3. Nc3 dxe4 4. Nxe4 Nd7 5. Nf3 Ngf6 6. Nxf6+ Nxf6 7. Ne5 e6 8. c3 Bd6 9. Nc4 Be7 10. Bd3 0-0 11. 0-0 c5 12. dxc5 Qd5 13. Qe2 Qxc5 14. Be3 Qh5 15. Qxh5 Nxh5 16. Rad1 Nf6 17. Bf4 Bd7 18. Ne5 Rfd8 19. Nxd7 Rxd7 20. Bb5 Rxd1 21. Rxd1 Rd8 1/2-1/2

[Event "Helsinki Easter op A"]
[Site "Helsinki"]
[Date "2017.04.16"]
[Round "4.6"]
[White "Tuovinen, Jukka"]
[Black "Gronroos, Matti"]
[Result "1-0"]
[WhiteElo "2014"]
[BlackElo "1968"]
[PlyCount "75"]
[EventDate "2017.04.14"]
[EventType "swiss"]
[EventRounds "5"]
[EventCountry "FIN"]
[SourceTitle "EXT 2022"]
[Source "ChessBase"]
[SourceDate "2021.10.06"]
[SourceVersion "1"]
[SourceVersionDate "2021.10.06"]
[SourceQuality "1"]

1. e4 e5 2. Nf3 Nf6 3. Nxe5 d6 4. Nf3 Nxe4 5. Qe2 Qe7 6. d3 Nf6 7. Bg5 Nbd7 8. Nc3 h6 9. Bh4 Qxe2+ 10. Bxe2 g5 11. Bg3 Bg7 12. 0-0-0 Nh5 13. Nd5 Nxg3 14. hxg3 Kd8 15. Nd2 Ne5 16. Ne3 f5 17. d4 Nc6 18. c3 Ne7 19. Rde1 Be6 20. Bd3 Kd7 21. d5 Nxd5 22. Nxf5 Bf8 23. Nd4 Bf7 24. Bf5+ Kd8 25. Ne6+ Bxe6 26. Rxe6 Ne7 27. Rhe1 a5 28. Nc4 Ra7 29. Ne5 dxe5 30. Rd1+ Nd5 31. Rxd5+ Bd6 32. g4 h5 33. Rexe5 hxg4 34. Bxg4 Rh1+ 35. Kc2 Rf1 36. Re2 Ra6 37. Rxg5 Bf8 38. Rge5 1-0

[Event "Helsinki We HSK talvi"]
[Site "Helsinki"]
[Date "2017.01.28"]
[Round "2"]
[White "Tuovinen, Jukka"]
[Black "Elomaa, Arto"]
[Result "1/2-1/2"]
[WhiteElo "2009"]
[BlackElo "2156"]
[PlyCount "114"]
[EventDate "2017.01.27"]
[EventType "swiss"]
[EventRounds "5"]
[EventCountry "FIN"]
[SourceTitle "EXT 2022"]
[Source "ChessBase"]
[SourceDate "2021.10.06"]
[SourceVersion "1"]
[SourceVersionDate "2021.10.06"]
[SourceQuality "1"]

1. e4 c5 2. c3 d5 3. exd5 Qxd5 4. d4 Nf6 5. Nf3 e6 6. Na3 Nc6 7. Be2 a6 8. Nc4 Qd8 9. 0-0 cxd4 10. cxd4 Be7 11. Bg5 0-0 12. Nce5 Bd7 13. Rc1 Rc8 14. a3 Nd5 15. Bxe7 Qxe7 16. Qd2 Rfd8 17. Rfd1 Be8 18. Nxc6 Rxc6 19. Rxc6 Bxc6 20. Ne5 Ba4 21. Rc1 f6 22. Nd3 b6 23. Nf4 Nxf4 24. Qxf4 Qd6 25. Qxd6 Rxd6 26. Bxa6 Rxd4 27. Bc4 Kf7 28. b3 Bd7 29. a4 Ke7 30. Kf1 Rd2 31. Ke1 Rb2 32. Rc3 e5 33. Bd3 g6 34. Bc2 Bf5 35. Bxf5 gxf5 36. Rc7+ Kd6 37. Rxh7 Rxb3 38. Rf7 Ke6 39. Rb7 Rb4 40. h4 f4 41. h5 Rxa4 42. g4 fxg3 43. fxg3 Kf5 44. Rg7 Ra2 45. g4+ Kf4 46. h6 e4 47. Rg6 Ke5 48. g5 fxg5 49. Rxg5+ Kf4 50. Rh5 Ra8 51. Rb5 Ra1+ 52. Ke2 Ra2+ 53. Ke1 Rh2 54. Rxb6 Kf3 55. Rf6+ Ke3 56. Kf1 Rh5 57. Ra6 Kf3 1/2-1/2

[Event "FIN-chT1A 1617"]
[Site "Finland"]
[Date "2016.12.11"]
[Round "4.3"]
[White "Tuovinen, Jukka"]
[Black "Hosia, Akseli"]
[Result "0-1"]
[WhiteElo "2043"]
[BlackElo "1917"]
[PlyCount "128"]
[EventDate "2016.09.17"]
[EventType "team-tourn"]
[EventRounds "7"]
[EventCountry "FIN"]
[SourceTitle "EXT 2019"]
[Source "ChessBase"]
[SourceDate "2018.10.10"]
[SourceVersion "1"]
[SourceVersionDate "2018.10.10"]
[SourceQuality "1"]
[WhiteTeam "Helsinki SSK"]
[BlackTeam "Turku TuTS II"]
[WhiteTeamCountry "FIN"]
[BlackTeamCountry "FIN"]

1. e4 e6 2. d4 d5 3. Nd2 Nf6 4. e5 Nfd7 5. Bd3 c5 6. c3 Nc6 7. Ne2 Qb6 8. Nf3 f6 9. exf6 Nxf6 10. 0-0 Bd6 11. dxc5 Bxc5 12. b4 Bd6 13. b5 Na5 14. Bf4 Bd7 15. Bxd6 Qxd6 16. c4 0-0 17. cxd5 exd5 18. Qd2 b6 19. Qf4 Qxf4 20. Nxf4 Rfe8 21. Rfe1 Rxe1+ 22. Rxe1 Re8 23. Rxe8+ Bxe8 24. Ne5 g5 25. Ne6 h6 26. f3 Bd7 27. Nd4 Kf8 28. Nxd7+ Nxd7 29. Nc6 Nc5 30. Bf5 Nxc6 31. bxc6 Na6 32. Kf2 Ke7 33. Bd3 Nb4 34. Bb5 Kd6 35. a3 Nxc6 36. Kg3 Nd4 37. Bd3 Ke5 38. Kg4 Ne6 39. g3 Kd4 40. Bf5 Ng7 41. Bg6 b5 42. f4 gxf4 43. Kxf4 a5 44. g4 b4 45. axb4 axb4 46. Bc2 Kc3 47. Ba4 d4 48. Ke4 d3 49. Ke3 Ne6 50. h4 Nc5 51. g5 hxg5 52. hxg5 Nxa4 53. g6 d2 54. g7 d1Q 55. g8Q Qe1+ 56. Kf4 Qf2+ 57. Ke5 Qh2+ 58. Kf5 Qh5+ 59. Kf6 Qf3+ 60. Ke7 Qe4+ 61. Kf6 Qf4+ 62. Ke7 Qe5+ 63. Kd7 Nb6+ 64. Kc6 Qd5+ 0-1

[Event "Helsinki We KapSK"]
[Site "Helsinki"]
[Date "2016.11.26"]
[Round "3"]
[White "Tuovinen, Jukka"]
[Black "Skrjabin, Igor"]
[Result "1-0"]
[WhiteElo "2012"]
[BlackElo "2007"]
[PlyCount "87"]
[EventDate "2016.11.26"]
[EventType "swiss"]
[EventRounds "5"]
[EventCountry "FIN"]
[SourceTitle "EXT 2022"]
[Source "ChessBase"]
[SourceDate "2021.10.06"]
[SourceVersion "1"]
[SourceVersionDate "2021.10.06"]
[SourceQuality "1"]

1. e4 d6 2. d4 g6 3. Nf3 Bg7 4. Nc3 a6 5. a4 b6 6. Bc4 e6 7. 0-0 Ne7 8. Bg5 h6 9. Be3 Nd7 10. Qd2 Bb7 11. Rad1 Nf6 12. e5 Nfd5 13. Nxd5 Nxd5 14. Rfe1 Qe7 15. Qe2 0-0 16. Bc1 Kh7 17. c3 Qd7 18. Qc2 Rh8 19. b3 Kg8 20. Bd3 Ne7 21. Nd2 d5 22. Ba3 Rc8 23. b4 Nf5 24. Qb3 b5 25. axb5 axb5 26. Qc2 Ra8 27. Ra1 Bc6 28. Bb2 Kh7 29. Nb3 Qe7 30. Qe2 Rxa1 31. Rxa1 Rb8 32. Ra5 Qe8 33. Bc1 Bf8 34. Ra7 Qd8 35. Qa2 Be8 36. Qa5 c6 37. Qxd8 Rxd8 38. Kf1 Bd7 39. g4 Ng7 40. Na5 Ne8 41. Nb7 Rb8 42. Nc5 Bc8 43. Rxf7+ Bg7 44. Re7 1-0